Los Estados Unidos y la América Latina (Fotocopia)

Kaydedildi:
Detaylı Bibliyografya
Yazar: Connell Smith, Gordon
Materyal Türü: Metin
Baskı/Yayın Bilgisi: s.l.: s.e.
Etiketler: Etiketle
Etiket eklenmemiş, İlk siz ekleyin!

MARC

LEADER 00000 a a2200000 04500
001 23737
003
040
090 |a 167300  
100 |a Connell Smith, Gordon  
245 |a Los Estados Unidos y la América Latina (Fotocopia)  
260 |a s.l.:   |b s.e.  
300 |a pp. 23-65  
999 |c 6684  |d 6684